Catálogo público

Presencia del pulgón de la lechuga Nasonovia ribisnigri (Mosley) en Quecholac, Puebla, México / (Record no. 220144)

MARC details
000 -CABECERA
campo de control de longitud fija 03244nam a2200325 a 4500
003 - IDENTIFICADOR DEL NÚMERO DE CONTROL
campo de control OSt
005 - FECHA Y HORA DE LA ÚLTIMA TRANSACCIÓN
campo de control 20240905113544.0
007 - CAMPO FIJO DE DESCRIPCIÓN FÍSICA--INFORMACIÓN GENERAL
campo de control de longitud fija cr ||||||a|c|a
008 - DATOS DE LONGITUD FIJA--INFORMACIÓN GENERAL
campo de control de longitud fija 240905s2024 mx a|||fom||| 001 0 spa d
040 ## - FUENTE DE LA CATALOGACIÓN
Normas de descripción rda
100 1# - ENTRADA PRINCIPAL--NOMBRE DE PERSONA
Nombre de persona Ramírez Domínguez, Pablo Enrique
9 (RLIN) 189545
245 10 - MENCIÓN DE TÍTULO
Título Presencia del pulgón de la lechuga Nasonovia ribisnigri (Mosley) en Quecholac, Puebla, México /
Mención de responsabilidad, etc. por Pablo Enrique Ramírez Domínguez; director de tesis Manuel Alejandro Tejeda Reyes; secretario José Manuel Pineda Rios; vocal Manuel Orrantia Orrantia; suplente Jaime Alfredo Urzúa Gutiérrez; suplente Luis Emilio Castillo Márquez.
264 #1 - PRODUCCIÓN, PUBLICACIÓN, DISTRIBUCIÓN, FABRICACIÓN Y COPYRIGHT
Producción, publicación, distribución, fabricación y copyright Chapingo, México :
Nombre del de productor, editor, distribuidor, fabricante El autor,
Fecha de producción, publicación, distribución, fabricación o copyright 2024.
300 ## - DESCRIPCIÓN FÍSICA
Extensión 1 recurso en línea (36 páginas):
Otras características físicas figuras, tablas.
336 ## - TIPO DE CONTENIDO
Fuente rdacontent
Término de tipo de contenido texto
Código de tipo de contenido txt
337 ## - TIPO DE MEDIO
Fuente rdamedia
Nombre/término del tipo de medio computadora
Código del tipo de medio c
338 ## - TIPO DE SOPORTE
Fuente rdacarrier
Nombre/término del tipo de soporte recurso en línea
Código del tipo de soporte cr
502 ## - NOTA DE TESIS
Tipo de título Ingeniero Agrónomo Especialista en Parasitología Agrícola
Nombre de la institución que otorga el título Departamento de Enseñanza, Investigación y Servicio en Parasitología Agrícola,
Año de obtención del título 2024.
Información miscelánea Licenciatura
504 ## - NOTA DE BIBLIOGRAFÍA, ETC.
Nota de bibliografía, etc. Incluye referencias bibliográficas: páginas 33-34
520 ## - SUMARIO, ETC.
Sumario, etc. El cultivo de lechuga (Lactuca sativa L.), es una de las hortalizas más utilizada en las dietas diarias, la cual, en México tiene un consumo anual per cápita de 2.2 Kg. México ocupa el noveno lugar en el ranking de la producción mundial de lechuga, en el 2022 se alcanzó una producción de 570 mil toneladas, 11.9% mayor a lo registrado en 2021 y siendo una cifra récord en la última década. Las principales entidades que participan en la producción de esta hortaliza son Guanajuato, Zacatecas, Puebla, Aguascalientes y Baja California. Uno de los principales problemas que afecta directamente en la producción, son los insectos, donde destacan diversos grupos taxonómicos como Lepidoptera, Hemiptera y Thysanoptera, sin embargo, se tiene poca información sobre las especies de estos taxones que se encuentran presentes afectando a este cultivo. Por lo que, el objetivo de este trabajo fue identificar las especies de insectos plaga, presentes en el cultivo de lechuga en huertas comerciales en el municipio de Quecholac, Puebla. Los muestreos se realizaron desde agosto hasta diciembre de 2023 en parcelas comerciales del cultivo de lechuga en Quecholac, Puebla. Los insectos colectados se fijaron el etanol al 70% para posteriormente realizar montajes y proceder a su identificación. Del material recolectado en campo se identificó la presencia del pulgón de la lechuga Nasonovia ribisnigri (Mosley) (Hemiptera: Aphididae), Frankliniella occidentalis (Pergande) (Thysanoptera: Thripidae), Spodoptera exigua Hübner (Lepidoptera: Noctuidae), Liriomyza spp. (Diptera: Agromyzidae), y Bemisia tabaci (Hemiptera: Aleyrodidae).
650 #4 - PUNTO DE ACCESO ADICIONAL DE MATERIA--TÉRMINO DE MATERIA
Término de materia o nombre geográfico como elemento de entrada Lechuga
Subdivisión general Plagas
-- Identificación
9 (RLIN) 189546
650 #4 - PUNTO DE ACCESO ADICIONAL DE MATERIA--TÉRMINO DE MATERIA
Término de materia o nombre geográfico como elemento de entrada Insectos
Subdivisión general Identificación
9 (RLIN) 58929
700 1# - PUNTO DE ACCESO ADICIONAL--NOMBRE DE PERSONA
Nombre de persona Tejeda Reyes, Manuel Alejandro
9 (RLIN) 112025
Término indicativo de función/relación Director de tesis.
700 1# - PUNTO DE ACCESO ADICIONAL--NOMBRE DE PERSONA
Nombre de persona Pineda Rios, José Manuel
9 (RLIN) 88174
Término indicativo de función/relación Secretario.
700 1# - PUNTO DE ACCESO ADICIONAL--NOMBRE DE PERSONA
Nombre de persona Orrantia Orrantia, Manuel
9 (RLIN) 83750
Término indicativo de función/relación Vocal.
700 1# - PUNTO DE ACCESO ADICIONAL--NOMBRE DE PERSONA
Nombre de persona Urzúa Gutiérrez, Jaime Alfredo
9 (RLIN) 117018
Término indicativo de función/relación Suplente.
700 1# - PUNTO DE ACCESO ADICIONAL--NOMBRE DE PERSONA
Nombre de persona Castillo Márquez, Luis Emilio
9 (RLIN) 20176
Término indicativo de función/relación Suplente.
856 ## - LOCALIZACIÓN Y ACCESO ELECTRÓNICOS
Identificador Uniforme del Recurso http://10.13.5.2/tesis/tl/1611977-3_RAMIREZ_DOMINGUEZ_PABLOENRIQUE.pdf
Nota pública DESCARGAR PDF
942 ## - ELEMENTOS DE PUNTO DE ACCESO ADICIONAL (KOHA)
Fuente del sistema de clasificación o colocación Clasificación Universidad Autónoma Chapingo
Tipo de ítem Koha Tesis digital
Holdings
Estado de retiro Estado de pérdida Fuente del sistema de clasificación o colocación Estado dañado Restricciones de uso No para préstamo Código de colección Localización permanente Ubicación/localización actual Ubicación en estantería Fecha de adquisición Total de préstamos Signatura topográfica completa Fecha visto por última vez Precio válido a partir de Tipo de ítem Koha
    Clasificación Universidad Autónoma de Chapingo   Préstamo interno   Tesis digitales de Licenciatura Biblioteca Digital Biblioteca Digital En línea 05/09/2024   Tesis digital 05/09/2024 05/09/2024 Tesis digital